Statystyki dla Polskie województwa

Kliknij tutaj aby rozwiązać quiz!

Ogólne statystyki

  • Ten quiz został rozwiązany 23,925 razy
  • Średni wynik to 14 z 16

Statystyki odpowiedzi

Answer % Correct
mazowieckie
96%
pomorskie
96%
śląskie
95%
małopolskie
93%
wielkopolskie
92%
lubelskie
91%
dolnośląskie
90%
zachodniopomorskie
89%
lubuskie
89%
podlaskie
85%
warmińsko-mazurskie
84%
opolskie
83%
łódzkie
82%
kujawsko-pomorskie
82%
podkarpackie
82%
świętokrzyskie
80%

Rozkład punktacji

Percentyl według liczby udzielonych odpowiedzi

Procent ludzi z każdym wynikiem

Twoja historia wyników

Nie rozwiązałeś tego quizu